[Event "Kramatorsk"]
[Site "Kramatorsk"]
[Date "2003.07.29"]
[Round "1"]
[White "Kuzmin, Gennadi P"]
[Black "Maiorov, Oleg Ivanovich"]
[Result "1-0"]
[WhiteElo "2516"]
[BlackElo "2455"]
[Annotator "Kortschnoj,V"]
[PlyCount "83"]
[EventDate "2003.07.29"]
[EventType "tourn"]
[EventRounds "14"]
[EventCountry "UKR"]
[EventCategory "10"]
[SourceTitle "CBM 097"]
[Source "ChessBase"]
[SourceDate "2003.11.11"]
[SourceVersion "1"]
[SourceVersionDate "2003.11.11"]
[SourceQuality "1"]

1. e4 {Finkel} e6 2. d4 d5 3. Nc3 Nf6 4. Bg5 Bb4 5. e5 h6 6. Bh4 {'!?' Finkel.
Finkel: 'Very interesting continuation, which seems to be quite promising for
white.'} g5 7. Bg3 Ne4 {A very old line, perhaps, chronologically the very
first attempt of white to refute the Mac-Cutcheon variation.} 8. Nge2 c5 {
A modern way to treat this variation is 8...f5!?} 9. a3 Bxc3+ (9... Ba5 {Finkel
} 10. b4 (10. dxc5 Nxg3 (10... Nxc3 11. Nxc3 Bxc3+ 12. bxc3 Qa5 13. Qd2 Nd7 14.
Bd3 Nxc5 15. f4 Bd7 16. fxg5 hxg5 17. O-O $36 {Holaszek,H-Keller,D/Bad Aibling
1968}) 11. hxg3 Bxc3+ 12. Nxc3 Qc7 13. Qd4 a6 14. f4 Nc6 15. Qa4 $16 {Schaaf,
E-Steinweg/Cologne 1911}) 10... Nxc3 11. Nxc3 cxb4 12. Nb5 bxa3+ (12... b3+ 13.
c3 b2 14. Rb1 Qb6 15. Qd2 Nc6 16. Nd6+ Ke7 17. Rxb2 Qc7 18. Nb5 Qb6 19. Nd6 Qc7
20. Rb3 Nd8 21. h4 Bd7 22. hxg5 Ba4 23. Rb4 Bxb4 24. axb4 h5 25. Bh4 Kd7 26.
Bd3 Rg8 27. O-O Bb3 28. f4 a5 29. f5 axb4 30. Bb5+ Nc6 31. fxe6+ {1-0 Berezjuk,
S-Adamowski,J/Warsaw 1999/EXT 2003 (31)}) 13. c3 Bc7 14. h4 a6 15. Rxa3 Bd7 16.
Nxc7+ Qxc7 17. hxg5 Nc6 18. gxh6 $16 {Pillsbury,H-Reggio,A/Monte Carlo 1902})
10. Nxc3 (10. bxc3 $6 {Finkel} Qa5 (10... h5 $6 11. f3 Nxg3 12. hxg3 Nc6 13.
Qd2 f5 14. g4 fxg4 15. Ng3 h4 16. fxg4 $36 {Balla,Z-Lowcki,M/Bad Pistyan 1912/}
) 11. f3 Nxg3 12. hxg3 cxd4 13. f4 (13. Qxd4) 13... gxf4 14. gxf4 Nc6 $15 {
John,W-Nilsson,A/Gothenburg 1920}) 10... Nxc3 {The theory indicates - more
subtle is} (10... Qa5 11. Qd3 Nc6 12. dxc5 Bd7 13. O-O-O Nxc5 (13... Nxc3 {
Finkel} 14. Qxc3 Qxc3 15. bxc3 Rc8 16. f3 (16. h4 Rg8 17. hxg5 hxg5 18. f3 g4
19. fxg4 Rxg4 20. Rh3 $14 {Landa,K-Minasian,A/Linares 1999}) 16... Ke7 17. Bd3
a6 18. Kd2 Na5 19. Bf2 Nc4+ 20. Bxc4 dxc4 21. Rb1 $14 {Bernstein,O-Swiderski,R/
Coburg 1904}) (13... Nxc5 14. Qb5 Qxb5 15. Nxb5 Ke7 16. Nd6 b6 17. h4 f6 18.
exf6+ Kxf6 19. b4 Na4 20. c4 $16 {Jackova,J-Peng,Z/Varna 2002}) 14. Qb5 Qxb5
15. Nxb5 Ke7 {with a slight advantage for white.} 16. Nd6 {Finkel} b6 17. h4 f6
18. exf6+ Kxf6 19. b4 Na4 20. c4 $16 {Jackova,J-Peng,Z/Varna 2002}) (10... cxd4
{Finkel} 11. Qxd4 Nc6 12. Bb5 Nxg3 13. hxg3 Bd7 14. Bxc6 Bxc6 15. O-O-O $16 {
Narciso Dublan,M-Garcia Garrido,E/Lillet 1999}) 11. bxc3 Qa5 (11... cxd4 {
Finkel} 12. cxd4 Nc6 13. c3 Qa5 14. Qd2 Bd7 15. Be2 Rc8 16. h4 g4 17. O-O $16 {
Steiner,L-Lichtenstein,B/Vienna 1935}) 12. Qd2 Nc6 (12... cxd4 {Finkel} 13.
cxd4 Qxd2+ 14. Kxd2 Nc6 15. c3 Bd7 16. h4 Ke7 17. hxg5 hxg5 18. Bd3 $16 {
Pillsbury,H-Marshall,F/Monte Carlo 1902}) 13. dxc5 {'!?' Finkel. Finkel:
'White may not hurry with this move.'} (13. h4 {Finkel} Rg8 (13... g4 14. dxc5
Qxc5 15. h5 Bd7 16. Bh4 d4 17. Bf6 dxc3 18. Qe3 Nd4 19. Bd3 Rg8 20. Rb1 b6 21.
Qxh6 Bc6 22. Qh7 Kf8 23. h6 {1-0 Nikolsky,D-Ayupov,D/Toljatti 2000/EXT 2001 
(23)}) 14. hxg5 hxg5 15. dxc5 Qxc5 16. Bd3 Bd7 17. Rb1 Na5 18. Rh5 O-O-O 19.
Rb4 $14 {Dvorak,T-Gunnarsson,J/Olomouc 2001}) 13... Bd7 14. Bd3 (14. c4 {Finkel
} Qxc5 15. cxd5 exd5 16. Bd3 O-O-O 17. O-O Qe7 18. f4 $14 {Kostic,B-Donner,J/
Beverwijk 1952}) 14... Qxc5 15. O-O {Such type of position is always
considered preferable for white in the French. Especially here, where, due to
weakening of the king side formation, white has a clear plan of his offensive.}
Na5 (15... O-O-O {Finkel} 16. Rab1 Na5 17. Kh1 $36 {[%cal Gf2f4]}) 16. Kh1 {
'!' Finkel. Finkel: 'Preparing an advance of the f-pawn.'} Bb5 {In one of the
games of great Pillsbury, who won by the way, as white, all the games, played
with this line, something like 17...Rc8 18.f4 Qc3 19.Qc3 Rc3 20.Be1 happened,
with a big advantage for white.} (16... b6 {Finkel} 17. f4 Nc4 18. Qe2) 17.
Rab1 {Played in order to be able after Bd3 to be able to take back with a pawn
(otherwise Nb3).} Nc4 18. Qe2 Bc6 19. f4 Nxa3 {'?!' Finkel. Finkel: 'Risky
decision, but I can fully understand black who wants to get some material,
since his position is very dangerous anyway.'} 20. Ra1 Qxc3 {This greediness
is a clear sign, that the black position is incuperable. After a normal
defending move 18...Qe7 19.Qh5 was highly unpleasant.} (20... Nc4 {Finkel} 21.
f5) 21. fxg5 hxg5 22. Qf2 Rf8 23. Qf6 $1 ({After} 23. Bg6 {white had to reckon
with black's long castle. The queen's move is much stronger.}) 23... Kd7 (23...
Nxc2 24. Bg6 $1 Nxa1 (24... Kd7 25. Rac1 $18) 25. Qxe6+ Kd8 26. Qd6+ Ke8 27. e6
$18) (23... d4 $5 {Finkel} 24. Be1 $1 (24. Bg6 $6 Bd5 25. Bxf7+ Kd7 26. Rad1
Kc6 $13) 24... Qc5 25. Bd2 Kd7 26. Bxg5 $14) 24. Be1 $1 {Again, a nice move.
Finkel: 'Very strong manouvre.'} Qb2 (24... Qxa1 25. Bb4 Qxf1+ 26. Bxf1 {
- Black loses his knight and the pawn f7 as well.} Rae8 {Finkel} 27. Bxa3 $18)
25. Bd2 Rae8 26. Qf2 Nc4 (26... Nxc2 27. Bxg5 Qxe5 28. Bf6) (26... d4 {Finkel}
27. Rxa3 $1 Qxa3 28. Qxd4+ Kc8 29. Ra1 (29. Bb4 $6 Qa2 30. Bxf8 Rxf8 31. Qc5
Rd8 $15) 29... Qe7 30. Rxa7 Kb8 31. Be3 $1 Rd8 32. Ra8+ Kc7 33. Qb6+ Kd7 34.
Bb5 $1 $18 {[%csl Rd7]}) 27. Bxc4 dxc4 28. Qc5 $1 Qb6 {Black's position is
dead lost. Still, the most stubborn defence would be} (28... Rd8 $5 29. Bxg5 (
29. Ba5 {Finkel} b6 30. Qd6+ $18) 29... Qxc2 30. Rf2 Qg6) 29. Qd6+ Kc8 30. Ba5
Bxg2+ ({Or} 30... Rd8 31. Bxb6 Rxd6 32. exd6 axb6 33. Ra8+ Kd7 34. Rxf8) 31.
Kxg2 Qxd6 32. exd6 Kd7 33. Bc3 f5 (33... a6 {Finkel} 34. Bg7) 34. Rxa7 Ra8 35.
Rxb7+ Kxd6 36. Rb6+ Kc7 37. Rfb1 Rfe8 38. Be5+ Kd7 39. Rd6+ Ke7 40. Rb7+ Kf8
41. Rdd7 Red8 42. Bd6+ 1-0

[Event "World Cup"]
[Site "Khanty-Mansiysk"]
[Date "2009.11.22"]
[Round "1.2"]
[White "Amonatov, Farrukh"]
[Black "Volkov, Sergey"]
[Result "1/2-1/2"]
[WhiteElo "2631"]
[BlackElo "2629"]
[Annotator "Kritz,L"]
[PlyCount "140"]
[EventDate "2009.11.21"]
[EventType "k.o."]
[EventRounds "7"]
[EventCountry "RUS"]
[SourceTitle "CBM 134"]
[Source "ChessBase"]
[SourceDate "2010.01.18"]
[SourceVersion "1"]
[SourceVersionDate "2010.01.18"]
[SourceQuality "1"]

1. e4 e6 2. d4 d5 3. Nc3 Nf6 4. Bg5 $6 {Ich denke diese Variante ist einfach
nicht spielbar. Wenn Schwarz ausgleichen will, kann er das sehr leicht machen,
indem er die Partie in die Rubinstein-Variante überleitet.} (4. e5 Nfd7 5. f4
c5 6. Nf3 Nc6 7. Be3 $14 {führt zu komplexem Spiel mit guten Chancen für beide
Seiten. Allerdings kann Weiß bei genauem Spiel in allen Abspielen einen
Vorteil erzwingen.}) 4... Bb4 {Die MacCutcheon-Variante ist die Spezialität
von Volkov. Sie führt zu unklarem Spiel.} (4... dxe4 $5 5. Nxe4 Nbd7 6. Nf3 h6
7. Nxf6+ Nxf6 8. Bh4 (8. Be3 {ist sogar noch schlechter} Nd5 9. Bd3 Nxe3 10.
fxe3 Bd6 11. e4 e5 12. dxe5 Bc5 13. Bb5+ c6 14. Qxd8+ Kxd8 15. Bc4 Ke7 16. c3
Be6 17. Bxe6 Kxe6 18. Ke2 Bb6 19. Rhf1 Rhf8 20. Rad1 Rad8 21. Rxd8 Bxd8 22. Rd1
Bc7 $11 {Leko - Ivanchuk (Morelia/Linares, 2007)}) (8. Bxf6 Qxf6 9. Bb5+ c6 10.
Bd3 Bd7 11. Qe2 O-O-O 12. O-O-O Bd6 13. Kb1 Kb8 14. a3 Bc8 15. Be4 e5 16. dxe5
Bxe5 17. Nxe5 Qxe5 $11 {Vallejo Pons - Ivanchuk (Monte Carlo, 2007)}) 8... c5
9. c3 cxd4 10. Nxd4 Bc5 11. Bb5+ Bd7 12. Bxf6 Qxf6 13. Bxd7+ Kxd7 14. O-O Ke7
15. Qb3 Rab8 16. Rad1 Rhd8 $11 {Papp - M. Gurevich (Caleta, 2009)}) 5. e5 h6 6.
Be3 (6. exf6 $2 hxg5 7. fxg7 Rg8 8. Qh5 Qf6 $15) ({Die Hauptvariante ist} 6.
Bd2 Bxc3 7. bxc3 Ne4 8. Qg4 g6 9. Bd3 Nxd2 10. Kxd2 c5 $132 {Schwarz hat zwar
Gegenspiel, aber die weißen Aussichten sind doch etwas besser.}) 6... Ne4 7.
Qg4 Kf8 {Der beste Zug, schlechter ist 7...g6.} (7... g6 8. a3 Bxc3+ 9. bxc3
Nxc3 10. Bd3 Nc6 11. h4 Ne7 12. h5 g5 13. f3 c5 14. dxc5 Nc6 15. f4 $14 {
Amonatov - Nepomniachtchi (Moscow, 2008)}) 8. a3 Bxc3+ 9. bxc3 Nxc3 {Das ist
eine Nebenvariante. Der Hauptzug ist 9....c5:} (9... c5 10. Bd3 h5 (10... Nxc3
11. dxc5 Nc6 12. Nf3 f5 13. Qh5 d4 14. Bd2 Qd5 15. Bxc3 dxc3 16. Rd1 Qxc5 17.
O-O $44 {Goloshchapov - Volkov (Istanbul, 2003)}) 11. Qf3 ({schlechter ist} 11.
Qf4 $2 {weil die Dame auf f4 ungünstig steht, wie man in der Partie sehen kann.
} Qa5 12. Ne2 Nxc3 13. O-O {Weiß kann nicht Bd2 spielen, weil nach Nxe2 die
weiße Dame angegriffen wird - daher ist 11.Qf3 besser.} (13. Bd2 Nxe2 14. Bxe2
Qa4 15. dxc5 Qxf4 16. Bxf4 Bd7 $11) 13... Nxe2+ 14. Bxe2 Nc6 15. c4 cxd4 16.
Bxd4 Nxd4 17. Qxd4 Bd7 18. cxd5 exd5 19. Bf3 Bc6 $11 {Kasparov - Korchnoi 
(Kopavogur, 2000)}) 11... Nxc3 12. dxc5 Nc6 13. Qf4 d4 14. Bd2 Na4 15. Bb5 Nxc5
16. Bxc6 bxc6 17. Bb4 Qd5 18. O-O-O $16 {Goloshchapov - Reefat (Dhaka, 2003)})
10. Bd3 Nc6 (10... c5 11. dxc5 Nc6 12. Nf3 f5 13. Qh5 Qe8 14. Qh3 Kg8 15. g4
Ne4 16. Rd1 Bd7 17. Rg1 $36 {Kurnosov - Aulinger (Bad Wiessee, 2004)}) 11. h4 {
Es gibt auch andere Möglichkeiten, die Betrachtung verdienen:} (11. Nh3 f5 12.
Qg3 g5 13. f4 g4 14. Nf2 Ne4 (14... h5 $2 15. h3 h4 (15... Kg7 16. hxg4 hxg4
17. Rxh8 Qxh8 18. Kd2 Ne4+ 19. Bxe4 dxe4 20. Rh1 $18) 16. hxg4 hxg3 17. Rxh8+
Kf7 18. Rxd8 gxf2+ 19. Kd2 Nxd8 20. Kxc3 $18) 15. Bxe4 dxe4 16. h3 gxh3 17.
Rxh3 Qe7 18. c4 b6 19. d5 $44 {Areshchenko - Volkov (Gibraltar, 2006)}) (11.
Nf3 Ne7 12. O-O Bd7 13. Bd2 Na4 14. Rab1 Nb6 15. h4 $44 {Weiß besaß
langzeitige Kompensation in Petrosian - Vallejo Pons (Kallithea, 2008).}) 11...
Ne7 (11... f5 12. Qf3 Ne7 13. g4 c5 14. Nh3 cxd4 15. gxf5 exf5 16. Bxd4 $44 {
Bezgodov - Korchnoi (Chelyabinsk, 2007). Eine typische Stellung für diese
Variante - Schwarz hat einen Mehrbauern, dafür besitzt Weiß das Läuferpaar und
hat eine bessere Königsstellung.}) 12. Nh3 ({Es verdient Betrachtung} 12. f3 $5
{mit der Idee, dem schwarzen Springer c3 das Feld e4 zu nehmen.} Na4 (12... Nf5
13. Bd2 Na4 14. Rb1 Nb6 15. Qf4 $44 {/\h5-g4}) 13. Rb1 $1 {Diesen Zug macht
man, nicht um auf b7 anzugreifen, sondern als Maßnahme gegen Nb2!} Nb6 14. Ne2
Nc4 15. Bc1 Nf5 16. Qf4 h5 17. Ng3 g6 18. c3 b6 19. Ne4 $1 $44 {Popov -
Andreikin (Saint Petersburg, 2007}) 12... Nf5 13. Nf4 Ne4 (13... Nxe3 $2 14.
fxe3 $16 {Es ist immer sehr gefährlich, die f-Linie zu öffnen. Weiß hat nun
leichtes Spiel - 0-0-Rf2-Raf1, seine Kompensation ist mehr als ausreichend.})
14. Qf3 c5 {Das beste für Schwarz ist es immer, den Bauern zurückzugeben.
Dadurch gewinnt er Zeit für seine Entwicklung und nimmt Weiß das Läuferpaar
und damit einen großen Teil der Angriffsmöglichkeiten.} 15. Bxe4 (15. dxc5 $2
Qc7 $1 16. Bxe4 $2 Qxe5 $1 17. Rd1 dxe4 18. Qe2 Qc3+ 19. Bd2 Qxc2 $17) 15...
dxe4 16. Qxe4 Qa5+ {Richtige Entscheidung. Man sollte sich nicht zu viel um
den Bauern kümmern.} (16... cxd4 $2 17. O-O-O Qc7 18. Bxd4 Bd7 19. Bc5+ Qxc5
20. Rxd7 Qxa3+ 21. Kb1 $16 {Der schwarze König ist in Gefahr, während dem
weißen nichts droht.}) 17. Bd2 Qa4 18. c3 Rb8 $1 {Schwarz will Bd7-Bc6 spielen.
} (18... cxd4 19. Rc1 $44 {Und wieder hat Weiß ausgezeichnete Kompensation.}) (
18... Bd7 19. Qxb7 Bc6 20. Qc7 cxd4 21. cxd4 Bb5 22. Rb1 Nxd4 23. f3 $14) 19.
g4 Ne7 20. f3 Nc6 21. Be3 b6 {Nachdem Schwarz seine Entwicklung beendet hat,
ist die Stellung im dynamischen Ausgleich.} 22. O-O Ba6 (22... Bb7 $2 23. dxc5
$1 Qxe4 24. fxe4 bxc5 25. Ng6+ $18) 23. Rf2 Rc8 24. Nxe6+ $2 {Unklar warum
Weiß so gespielt hat. Das entstehende Endspiel ist sicherlich besser für
Schwarz.} (24. dxc5 $5 {Vielleicht wäre 24.dxc5 besser gewesen.} Qxe4 25. fxe4
Nxe5 (25... bxc5 26. Ng6+ Kg8 27. Nxh8 Kxh8 28. Rxf7 $18) 26. Bd4 $3 {Das ist
der Punkt!} (26. Nxe6+ Kg8 27. Bd4 fxe6 28. Bxe5 Rxc5 $11) 26... Nxg4 27. Ng6+
Kg8 (27... Ke8 28. Nxh8 Nxf2 29. Kxf2 f6 30. h5 $18) 28. Ne7+ Kf8 (28... Kh7
29. Rxf7 e5 30. Nxc8 Rxc8 31. Rxa7 $18) 29. Nxc8 Nxf2 30. Nxa7 Nxe4 31. cxb6
$14 {Der weiße Bauer b6 ist sehr weit vorgedrungen und garantiert ihm Vorteil.}
) 24... fxe6 25. d5 Qxe4 26. fxe4+ Ke7 27. dxc6 Bd3 $1 (27... Rxc6 28. Rd1 Rd8
29. Rxd8 Kxd8 30. Rf7 Rc7 31. Rxc7 Kxc7 32. Kf2 Bd3 33. Kf3 $11 {Das Endspiel
ist Remis, Weiß spielt demnächst h5-g5 und versucht, an den Bauern g7
ranzukommen, so dass der schwarze König nicht nach b5 rauslaufen kann.}) 28.
Rd1 c4 $15 {Weiß hat keine Gewinnchancen, Schwarz hat eindeutig die bessere
Bauernstruktur.} 29. g5 hxg5 30. Bxg5+ Ke8 31. Rf4 Rxc6 32. Rd2 Rf8 33. Rxf8+
Kxf8 34. Be3 (34. Rf2+ Ke8 35. Rf4 Rc5 $17 {Schwarz greift alle weißen Bauern
an: a3, e5...}) 34... Ke8 ({Nach} 34... Bxe4 {kann Weiß Remis erzwingen.} 35.
Rd7 a6 36. Rd6 Rxd6 37. exd6 b5 38. h5 $11) 35. Rg2 Rc7 36. Rg6 Kf7 37. Rg4 Rd7
{Die nächsten 30 Züge bringen keine Änderung der Stellung, beide Kontrahenten
ziehen relativ planlos durch die Gegend.} 38. Kf2 Ke8 39. Rf4 Re7 40. Kf3 Bc2
41. Ke2 Rc7 42. Kd2 Ba4 43. Rg4 Rd7+ 44. Bd4 Rf7 45. Ke3 Bd1 46. Rf4 Re7 47.
Kd2 Bb3 48. Be3 Ba4 49. Bd4 Rd7 50. Rf2 Bc6 51. Ke3 Ke7 52. Rg2 Kf7 53. Rf2+
Kg8 54. Rf1 Rd8 55. Rf2 Be8 56. Rf1 Bg6 57. a4 {Weiß versucht seine einzige
Chance am Damenflügel, allerdings hat Schwarz zu viele Abwehrmöglichkeiten.}
Be8 58. Ra1 Ra8 59. a5 bxa5 60. Rxa5 a6 {Es droht Bb5, wonach der weiße Turm
nichts mehr machen kann.} 61. Rc5 a5 $1 {Der sicherste Weg, schnelles Remis
herbeizuführen.} 62. Kd2 (62. Rxc4 $2 a4 63. Rb4 a3 64. Rb1 a2 65. Ra1 Bb5 $17
{Wenn jemand hier gewinnen kann, dann nur Schwarz.}) 62... a4 63. Kc1 a3 64.
Kb1 Bg6 65. Rxc4 Bxe4+ 66. Ka1 a2 67. Rc7 Bb1 {Es ist nichts zu machen.} 68.
Re7 (68. Rc6 Kf7 $11) 68... Ra6 69. Rd7 Ra8 70. Re7 Ra6 1/2-1/2

[Event "EU-ch 12th"]
[Site "Aix les Bains"]
[Date "2011.03.23"]
[Round "2"]
[White "Roser, Kevin"]
[Black "Vallejo Pons, Francisco"]
[Result "0-1"]
[WhiteElo "2423"]
[BlackElo "2707"]
[Annotator "Marchand,A/Primel,D"]
[PlyCount "106"]
[EventDate "2011.03.22"]
[EventType "swiss"]
[EventRounds "11"]
[EventCountry "FRA"]
[SourceTitle "CBM 142 Extra"]
[Source "ChessBase"]
[SourceDate "2011.06.27"]
[SourceVersion "1"]
[SourceVersionDate "2011.06.27"]
[SourceQuality "1"]
[TimeControl "40/5400+30:1800+30"]

1. e4 e6 2. d4 d5 3. Nc3 Nf6 (3... Bb4) 4. Bg5 Bb4 (4... Be7 5. e5 Nfd7 6. Bxe7
Qxe7 7. f4) 5. e5 h6 6. Bd2 {La ligne principale} (6. Be3 Ne4 7. Qg4 Kf8 8. a3
(8. Bd3 Nxc3 9. a3 Ba5 10. Bd2 Na4 11. Bxa5 Nxb2 12. Bb4+ Kg8 13. Ne2 Nxd3+ 14.
cxd3 Nc6 $132 {Estrin}) 8... Bxc3+ 9. bxc3 c5 (9... Nxc3 10. Bd3 $44)) (6. exf6
hxg5 7. fxg7 Rg8 8. h4 gxh4 9. Qg4 (9. Qh5) 9... Qf6 10. Rxh4 Qxg7 11. Qxg7
Rxg7 12. Rh8+ Kd7 $11 {Keres}) 6... Bxc3 7. bxc3 (7. Bxc3 $143 Ne4 $132) 7...
Ne4 8. Qg4 {[%csl Rg7]} (8. Bc1 $5 Nxc3 9. Qg4 g6 10. Bd3 {[%cal Gd3g6]} c5 11.
dxc5 Qa5 12. Bd2 $44) 8... Kf8 {01h32} (8... g6 {L'alternative} 9. Bc1 Nxc3 10.
Bd3 c5 11. dxc5 Nc6 12. Nf3 Qa5 13. O-O Qxc5 14. Qh4 Ne7 {Smyslov,V-Donner,J
Venice 1950 (9) 1-0} (14... Qe7 15. Bg5 Qb4 16. Qh3 Ne4 17. Bxe4 dxe4 18. Nd2
$32 {[%csl Re8] Smyslov})) (8... g5 $6 9. Bd3 Nxd2 10. Kxd2 $16 {[%cal Gh2h4]})
9. Bd3 Nxd2 10. Kxd2 {[%emt 0:01:08] Le K Blanc n'est pas trop exposé au centre
} c5 {[%emt 0:01:32]} 11. Nf3 (11. h4) 11... cxd4 {[%emt 0:01:29]} ({RR} 11...
Nc6 12. Qf4 Qe7 13. a3 ({RR} 13. dxc5 Qxc5 14. Nd4 Nd8 ({RR} 14... Bd7 15. Rhb1
Nd8 16. a4 Rc8 17. Rb3 a6 18. h4 Rc7 19. g4 Nc6 20. Nxc6 Bxc6 21. Qb4 Qxb4 22.
cxb4 Bd7 23. Rc3 Rxc3 24. Kxc3 Ke7 25. Kd4 h5 26. gxh5 Rxh5 27. b5 b6 28. a5
Rxh4+ 29. Kc3 {Morozevich,A (2625) -Vallejo Pons,F (2450)/Pamplona 1999/CBM
069/1-0 (55)})) ({RR} 13. Rhb1 c4 14. Be2 Qa3) 13... Bd7 14. Rhb1 b6 15. Qe3
Na5 16. Ke1 ({RR} 16. dxc5 Qxc5 17. Qxc5+ bxc5 18. Bb5 Ke7) 16... Rc8 ({RR} 
16... Ke8) ({RR} 16... c4 17. Be2 Ke8) 17. Kf1 Ke8 18. Kg1 Kd8 19. h3 Kc7 ({RR
} 19... c4 20. Be2 Kc7) 20. Ba6 Rb8 21. dxc5 Qxc5 ({RR} 21... bxc5 22. c4 Rb6 (
{RR} 22... d4 23. Qd2 Nc6 24. Bb5) 23. cxd5 exd5 24. Bf1 Rhb8) 22. Nd4 Nc4 23.
Qf4 Rhf8 ({RR} 23... Rbf8 24. a4) 24. Rb4 b5 ({RR} 24... g5 25. Qg3 Nd2 26. Qe3
Ne4 27. c4) 25. Rab1 Rb6 ({RR} 25... Nxa3 26. R1b3) ({RR} 25... g5 26. Qg3 Nd2
27. Qe3) 26. Nxb5+ {Anand,V (2690) -Ivanchuk,V (2720)/Linares 1992/CBM 031/
[Anand]/1-0 (37)} ({RR} 26. Bxb5 a5 ({RR} 26... Nxa3 27. Qe3 Qe7 28. Ra1) 27.
R4b3 ({RR} 27. Bxd7 axb4 28. axb4 Qe7 29. Bb5) 27... Nxa3 28. Qe3 Qe7 29. Bxd7
Nxb1 30. Nxe6+)) 12. cxd4 Qa5+ 13. Ke2 (13. c3) 13... Nc6 $146 {Le GMI était
bien préparé et il joue vite} ({RR} 13... b6 14. Qf4 Ba6 15. Qd2 Qxd2+ 16. Kxd2
Ke7 17. a4 Bxd3 18. Kxd3 Nc6 19. c3 Rac8 20. Nd2 Na5 21. Rhb1 Rc7 22. Nb3 Rhc8
23. Nxa5 Rxc3+ 24. Kd2 Rc2+ 25. Ke1 bxa5 26. Rb7+ R8c7 27. Rab1 Kd7 28. R1b5 {
Viszlai,A (2046)-Vavrak,P (2412)/ Tatranske Zruby 2002/EXT 2005/0-1 (42)}) 14.
Qf4 b6 15. g4 {[%cal Gh2h4,Gg4g5] C'est une position critique pour les Blancs
et le plan logique est d'attaquer а l'aile-roi mais les Noirs semblent ok} (15.
h4 $5 {Une autre option plus raisonnable était plutôt de prendre de l'espace а
l'aile-roi sans vouloir forcer la position et d'obtenir un milieu de jeu avec
des chances réciproques} Ba6 16. a3 (16. Qd2 Bxd3+ 17. Qxd3 Rc8 18. c3 Ne7 19.
Rhc1 g6 20. Kf1 Kg7 21. Kg1 Rc4 (21... Rc7 22. Rc2 Rhc8 23. Rac1 b5 $15 {
[%csl Rc3]}) 22. Nd2) 16... Rc8 17. h5 $1 {[%csl Rg7,Rh6][%cal Gf4d2] La
meilleure structure Blanche а l'aile-roi va compenser les faiblesses de
l'aile-dame} Ke7 18. Qg4 {[%csl Rg7]} Bxd3+ 19. cxd3 Kf8 20. Rhc1 $11 {[%cal
Ge2f1]}) 15... Ba6 $1 {[%emt 0:01:17]} 16. h4 (16. a3 {Trop lent} Rc8 $132)
16... Nb4 $36 {62 Les Blancs n'ont pas obtenu grande chose а l'aile-roi alors
que les Noirs commencent а faire pression а l'aile-dame} 17. Qd2 Rc8 {[%emt 0:
00:59]} 18. Ne1 Ke7 {[%emt 0:00:37]} (18... Bxd3+ 19. cxd3 Qa3 $132 {[%csl Rd3]
}) 19. Ke3 Bxd3 {[%emt 0:00:27]} 20. cxd3 {[%emt 0:00:45]} Qa4 {[%csl Rc2] 25}
(20... Qa3 $5 {[%csl Rd3][%cal Gc8c3]}) 21. a3 Nc6 {[%emt 0:00:24]} (21... Nc2+
$6 22. Nxc2 Rxc2 23. Qb4+ $1 {[%cal Ga1a7]}) 22. Qb2 h5 $1 23. gxh5 Rxh5 $17
24. f4 Kd7 25. Nf3 Ne7 $1 $36 {[%csl Re3][%cal Ge7f5] La partie commence а mal
tourner pour les Blancs} 26. Rac1 Nf5+ {[%csl Re3,Gf5] 13} 27. Kf2 (27. Kd2 {
[%cal Gd2c1] Peut-être un moindre mal} Qa5+ (27... Rhh8 28. Qb4 (28. h5)) 28.
Qb4) 27... Rhh8 28. h5 g6 $1 {[%emt 0:00:28] C'est probablement déjà gagnant
pour les Noirs} 29. h6 (29. hxg6 Rxh1 30. Rxc8 Kxc8) 29... Rxh6 30. Rxc8 Kxc8 {
[%emt 0:00:11]} 31. Rc1+ Kb7 {[%emt 0:00:10]} 32. Qc3 {[%cal Gc3c8]} Qd7 {
[%emt 0:00:06]} 33. a4 Rh8 34. a5 Rc8 $1 {Transposant dans une finale gagnante}
35. a6+ (35. Qxc8+) 35... Kb8 36. Qa3 Rxc1 37. Qxc1 Qa4 38. Ng5 Qa2+ 39. Kg1
Nxd4 $19 40. Qe3 Nf5 41. Qh3 Qb1+ 42. Kg2 Qc2+ 43. Kg1 Qd1+ 44. Kf2 Qd2+ 45.
Kg1 Qe1+ 46. Kg2 Nh4+ 47. Kh2 Qf2+ 48. Kh1 Nf5 49. Qh8+ Kc7 50. Nxe6+ fxe6 51.
Qh7+ Kc6 52. Qb7+ Kb5 53. Qd7+ Ka5 {André MARCHAND: Défaite de Kevin contre le
super-GMI espagnol VALLEJO-PONS malgré une bonne partie de sa part, bien qu'il
soit un peu mécontent de lui. Sa crainte maintenant pour demain : avec 0,5 pt
sur 2, rencontrer un petit Elo !} 0-1